[Event "DEM U16 2020"]
[Site "Willingen GER"]
[Date "2020.10.24"]
[Round "7"]
[White "Pahl, Erik"]
[Black "Skabs, Denis"]
[Result "1/2-1/2"]
[Termination "normal"]
[Board "9"]
[WhiteElo "2097"]
[BlackElo "1875"]
[WhiteClock "00:19:31"]
[BlackClock "00:04:29"]
[PlyCount "68"]
[WhiteFideId "16201272"]
[BlackFideId "16248449"]
[EventCountry "GER"]
[EventRounds "7"]
[EventType "swiss"]
[EventDate "2020.10.19"]

1. e4 {[%clk 1:30:56]} e5 {[%clk 1:30:57]} 2. Nf3 {[%clk 1:31:20]} Nc6 {[%clk
1:31:23]} 3. Bb5 {[%clk 1:31:44]} Nge7 {[%clk 1:31:46]} 4. O-O {[%clk 1:32:00]}
g6 {[%clk 1:31:25]} 5. c3 {[%clk 1:32:23]} Bg7 {[%clk 1:30:52]} 6. d4 {[%clk
1:32:44]} exd4 {[%clk 1:30:52]} 7. cxd4 {[%clk 1:33:08]} a6 {[%clk 1:31:00]} 8.
Ba4 {[%clk 1:33:29]} b5 {[%clk 1:30:34]} 9. Bc2 {[%clk 1:33:53]} d6 {[%clk
1:29:33]} 10. d5 {[%clk 1:33:54]} Na5 {[%clk 1:27:13]} 11. Nbd2 {[%clk
1:34:17]} O-O {[%clk 1:26:23]} 12. Rb1 {[%clk 1:30:41]} c6 {[%clk 0:55:14]} 13.
b4 {[%clk 1:30:37]} Nc4 {[%clk 0:51:22]} 14. Nxc4 {[%clk 1:30:58]} bxc4 {[%clk
0:51:51]} 15. dxc6 {[%clk 1:31:20]} Nxc6 {[%clk 0:41:05]} 16. Qd5 {[%clk
1:31:38]} Qc7 {[%clk 0:39:45]} 17. Bf4 {[%clk 1:31:55]} Be6 {[%clk 0:39:34]}
18. Qxd6 {[%clk 1:31:18]} Qxd6 {[%clk 0:39:55]} 19. Bxd6 {[%clk 1:31:43]} Rfd8
{[%clk 0:40:14]} 20. Bc5 {[%clk 1:30:35]} Rab8 {[%clk 0:37:57]} 21. a3 {[%clk
1:21:05]} c3 {[%clk 0:23:18]} 22. Rfd1 {[%clk 1:11:38]} Bc4 {[%clk 0:20:17]}
23. Ne1 {[%clk 0:43:39]} Be2 {[%clk 0:17:38]} 24. Rd5 {[%clk 0:39:44]} Nd4
{[%clk 0:09:47]} 25. f3 {[%clk 0:36:54]} Nxc2 {[%clk 0:07:04]} 26. Nxc2 {[%clk
0:35:08]} Bc4 {[%clk 0:04:49]} 27. Rxd8+ {[%clk 0:27:04]} Rxd8 {[%clk 0:05:18]}
28. Be3 {[%clk 0:27:17]} Ba2 {[%clk 0:03:15]} 29. Rc1 {[%clk 0:26:04]} Bb3
{[%clk 0:03:40]} 30. Kf2 {[%clk 0:25:08]} Rd3 {[%clk 0:03:18]} 31. Ke2 {[%clk
0:18:39]} Bc4 {[%clk 0:03:12]} 32. Kf2 {[%clk 0:18:50]} Bb3 {[%clk 0:03:38]}
33. Ke2 {[%clk 0:19:12]} Bc4 {[%clk 0:04:05]} 34. Kf2 {[%clk 0:19:31]} Bb3
{[%clk 0:04:29]} 1/2-1/2

[Event "DEM U16 2020"]
[Site "Willingen GER"]
[Date "2020.10.24"]
[Round "7"]
[White "Lohr, Maximilian"]
[Black "Hinrichs, Paul"]
[Result "0-1"]
[Termination "normal"]
[Board "10"]
[WhiteElo "2108"]
[BlackElo "2168"]
[WhiteClock "00:19:47"]
[BlackClock "01:01:47"]
[PlyCount "120"]
[WhiteFideId "12999717"]
[BlackFideId "12942545"]
[EventCountry "GER"]
[EventRounds "7"]
[EventType "swiss"]
[EventDate "2020.10.19"]

1. e4 {[%clk 1:30:58]} e5 {[%clk 1:30:55]} 2. Nf3 {[%clk 1:31:23]} Nc6 {[%clk
1:31:22]} 3. d4 {[%clk 1:31:47]} exd4 {[%clk 1:31:47]} 4. Nxd4 {[%clk 1:32:13]}
Bb4+ {[%clk 1:32:00]} 5. c3 {[%clk 1:32:38]} Bc5 {[%clk 1:32:25]} 6. Be3 {[%clk
1:33:03]} Bb6 {[%clk 1:32:51]} 7. Nf5 {[%clk 1:33:26]} Bxe3 {[%clk 1:33:01]} 8.
Nxe3 {[%clk 1:33:50]} d6 {[%clk 1:33:26]} 9. c4 {[%clk 1:33:11]} Nge7 {[%clk
1:33:42]} 10. Nc3 {[%clk 1:33:17]} O-O {[%clk 1:34:05]} 11. f3 {[%clk 1:31:02]}
f5 {[%clk 1:29:53]} 12. Qd2 {[%clk 1:24:34]} Ne5 {[%clk 1:21:25]} 13. f4 {[%clk
1:21:07]} N5g6 {[%clk 1:17:01]} 14. g3 {[%clk 1:21:29]} fxe4 {[%clk 1:16:14]}
15. O-O-O {[%clk 1:20:05]} a5 {[%clk 1:12:08]} 16. h4 {[%clk 1:02:24]} Nf5
{[%clk 1:08:09]} 17. Nxf5 {[%clk 1:01:15]} Bxf5 {[%clk 1:08:21]} 18. Bh3 {[%clk
1:01:23]} Bxh3 {[%clk 1:06:19]} 19. Rxh3 {[%clk 1:01:38]} Qd7 {[%clk 1:05:26]}
20. Rdh1 {[%clk 1:00:34]} Ne7 {[%clk 1:03:57]} 21. h5 {[%clk 0:57:09]} Qc6
{[%clk 1:01:54]} 22. h6 {[%clk 0:55:46]} g6 {[%clk 1:02:12]} 23. Qd4 {[%clk
0:52:52]} Nf5 {[%clk 1:01:22]} 24. Qxe4 {[%clk 0:53:16]} Rae8 {[%clk 0:59:35]}
25. Qd5+ {[%clk 0:49:46]} Qxd5 {[%clk 0:59:19]} 26. Nxd5 {[%clk 0:49:54]} Re4
{[%clk 0:57:27]} 27. b3 {[%clk 0:49:02]} c6 {[%clk 0:57:30]} 28. Nc3 {[%clk
0:49:25]} Re3 {[%clk 0:57:47]} 29. g4 {[%clk 0:49:35]} Rxh3 {[%clk 0:57:20]}
30. Rxh3 {[%clk 0:49:58]} Nd4 {[%clk 0:57:44]} 31. Re3 {[%clk 0:47:42]} Rxf4
{[%clk 0:51:39]} 32. Re8+ {[%clk 0:48:02]} Kf7 {[%clk 0:52:04]} 33. Rh8 {[%clk
0:48:14]} b5 {[%clk 0:49:11]} 34. Rxh7+ {[%clk 0:45:03]} Ke6 {[%clk 0:45:37]}
35. Rg7 {[%clk 0:27:09]} Rxg4 {[%clk 0:45:17]} 36. h7 {[%clk 0:27:21]} Rh4
{[%clk 0:45:39]} 37. cxb5 {[%clk 0:27:32]} cxb5 {[%clk 0:45:50]} 38. Ne4 {[%clk
0:25:40]} d5 {[%clk 0:41:46]} 39. Ng5+ {[%clk 0:23:50]} Kf6 {[%clk 0:42:11]}
40. Rg8 {[%clk 0:24:14]} Kxg5 {[%clk 0:42:31]} 41. h8=Q {[%clk 0:24:37]} Rxh8
{[%clk 0:42:55]} 42. Rxh8 {[%clk 0:25:04]} Kf4 {[%clk 0:42:17]} 43. Kd2 {[%clk
0:09:53]} g5 {[%clk 0:41:05]} 44. Rd8 {[%clk 0:10:09]} Nf3+ {[%clk 0:40:48]}
45. Ke2 {[%clk 0:10:25]} Ke4 {[%clk 0:40:35]} 46. Re8+ {[%clk 0:06:12]} Ne5
{[%clk 0:36:46]} 47. Ra8 {[%clk 0:06:36]} d4 {[%clk 0:36:50]} 48. Rxa5 {[%clk
0:06:48]} d3+ {[%clk 0:36:42]} 49. Kd1 {[%clk 0:07:11]} g4 {[%clk 0:32:36]} 50.
Rxb5 {[%clk 0:04:00]} g3 {[%clk 0:32:29]} 51. Rb8 {[%clk 0:04:20]} Ng4 {[%clk
0:32:20]} 52. Re8+ {[%clk 0:04:09]} Kf4 {[%clk 0:30:43]} 53. Kd2 {[%clk
0:27:59]} g2 {[%clk 1:00:20]} 54. Re1 {[%clk 0:27:58]} Ne5 {[%clk 1:00:35]} 55.
Kc3 {[%clk 0:18:44]} Nf3 {[%clk 1:00:16]} 56. Rd1 {[%clk 0:19:06]} Ke4 {[%clk
1:00:20]} 57. a4 {[%clk 0:19:11]} g1=Q {[%clk 1:00:35]} 58. Rxg1 {[%clk
0:19:38]} Nxg1 {[%clk 1:01:02]} 59. a5 {[%clk 0:19:45]} Ne2+ {[%clk 1:01:23]}
60. Kd2 {[%clk 0:19:47]} Nd4 {[%clk 1:01:47]} 0-1

[Event "DEM U16 2020"]
[Site "Willingen GER"]
[Date "2020.10.24"]
[Round "7"]
[White "Khachatryan, Taron"]
[Black "Mainka, Alwin"]
[Result "1/2-1/2"]
[Termination "normal"]
[Board "11"]
[WhiteElo "2136"]
[BlackElo "1954"]
[WhiteClock "00:43:16"]
[BlackClock "00:03:17"]
[PlyCount "87"]
[WhiteFideId "16216598"]
[BlackFideId "16241177"]
[EventCountry "GER"]
[EventRounds "7"]
[EventType "swiss"]
[EventDate "2020.10.19"]

1. d4 {[%clk 1:30:57]} Nf6 {[%clk 1:30:54]} 2. c4 {[%clk 1:31:19]} g6 {[%clk
1:31:19]} 3. f3 {[%clk 1:31:42]} d5 {[%clk 1:31:44]} 4. cxd5 {[%clk 1:32:04]}
Nxd5 {[%clk 1:32:11]} 5. e4 {[%clk 1:32:23]} Nb6 {[%clk 1:32:35]} 6. Nc3 {[%clk
1:32:47]} Bg7 {[%clk 1:32:56]} 7. Be3 {[%clk 1:33:10]} O-O {[%clk 1:33:01]} 8.
Qd2 {[%clk 1:33:28]} e5 {[%clk 1:33:25]} 9. d5 {[%clk 1:33:41]} c6 {[%clk
1:33:38]} 10. O-O-O {[%clk 1:33:22]} cxd5 {[%clk 1:29:55]} 11. exd5 {[%clk
1:33:44]} Na6 {[%clk 1:22:29]} 12. Kb1 {[%clk 1:33:19]} Bf5+ {[%clk 1:18:47]}
13. Ne4 {[%clk 1:30:07]} Qd7 {[%clk 1:16:56]} 14. Nh3 {[%clk 1:24:09]} Rac8
{[%clk 1:10:49]} 15. Nhf2 {[%clk 1:24:11]} Rfd8 {[%clk 0:57:09]} 16. g4 {[%clk
1:22:37]} Bxe4+ {[%clk 0:49:17]} 17. fxe4 {[%clk 1:22:59]} Qa4 {[%clk 0:48:47]}
18. Bd3 {[%clk 1:19:39]} Nb4 {[%clk 0:40:14]} 19. b3 {[%clk 1:19:34]} Qa3
{[%clk 0:38:47]} 20. Qb2 {[%clk 1:19:54]} Qa5 {[%clk 0:37:15]} 21. Bd2 {[%clk
1:14:51]} Qc5 {[%clk 0:32:30]} 22. Rc1 {[%clk 1:10:00]} Qxf2 {[%clk 0:31:28]}
23. Bxb4 {[%clk 1:09:39]} Qe3 {[%clk 0:29:47]} 24. Qd2 {[%clk 1:09:53]} Qxd2
{[%clk 0:24:02]} 25. Bxd2 {[%clk 1:07:50]} Bf8 {[%clk 0:24:26]} 26. a4 {[%clk
1:06:19]} Rxc1+ {[%clk 0:22:28]} 27. Kxc1 {[%clk 1:05:57]} Rc8+ {[%clk
0:22:22]} 28. Kd1 {[%clk 1:06:10]} Nd7 {[%clk 0:21:53]} 29. Ke2 {[%clk
1:05:15]} f6 {[%clk 0:21:17]} 30. a5 {[%clk 1:00:31]} Kf7 {[%clk 0:18:20]} 31.
h4 {[%clk 0:58:48]} Bd6 {[%clk 0:16:18]} 32. Rf1 {[%clk 0:58:18]} Kg7 {[%clk
0:16:13]} 33. b4 {[%clk 0:54:46]} Be7 {[%clk 0:14:18]} 34. Rg1 {[%clk 0:52:28]}
Kf7 {[%clk 0:14:37]} 35. g5 {[%clk 0:52:08]} Kg7 {[%clk 0:13:14]} 36. Rf1
{[%clk 0:50:35]} Rf8 {[%clk 0:11:36]} 37. Rc1 {[%clk 0:50:08]} Bd6 {[%clk
0:11:27]} 38. Rc4 {[%clk 0:48:22]} f5 {[%clk 0:08:00]} 39. Be3 {[%clk 0:47:38]}
a6 {[%clk 0:08:15]} 40. Bc5 {[%clk 0:45:50]} fxe4 {[%clk 0:03:58]} 41. Bxe4
{[%clk 0:45:53]} Rc8 {[%clk 0:04:19]} 42. Bf3 {[%clk 0:43:00]} Nxc5 {[%clk
0:02:55]} 43. bxc5 {[%clk 0:42:51]} Rxc5 {[%clk 0:03:17]} 44. Rxc5 {[%clk
0:43:16]} 1/2-1/2

[Event "DEM U16 2020"]
[Site "Willingen GER"]
[Date "2020.10.24"]
[Round "7"]
[White "Simukov, Erik"]
[Black "Zackrisson, Peter"]
[Result "1/2-1/2"]
[Termination "normal"]
[Board "12"]
[WhiteElo "2012"]
[BlackElo "1947"]
[WhiteClock "00:01:59"]
[BlackClock "00:00:35"]
[PlyCount "80"]
[WhiteFideId "12995380"]
[BlackFideId "16282078"]
[EventCountry "GER"]
[EventRounds "7"]
[EventType "swiss"]
[EventDate "2020.10.19"]

1. e4 {[%clk 1:30:57]} c5 {[%clk 1:30:55]} 2. Nf3 {[%clk 1:31:20]} d6 {[%clk
1:31:20]} 3. d4 {[%clk 1:31:44]} cxd4 {[%clk 1:31:44]} 4. Nxd4 {[%clk 1:32:08]}
Nf6 {[%clk 1:32:07]} 5. Nc3 {[%clk 1:32:30]} a6 {[%clk 1:32:31]} 6. Be2 {[%clk
1:32:47]} e5 {[%clk 1:32:52]} 7. Nb3 {[%clk 1:33:02]} Be7 {[%clk 1:33:01]} 8.
O-O {[%clk 1:33:19]} O-O {[%clk 1:33:23]} 9. Kh1 {[%clk 1:33:38]} b6 {[%clk
1:33:45]} 10. Be3 {[%clk 1:28:17]} Bb7 {[%clk 1:32:49]} 11. Nd5 {[%clk
1:28:19]} Nxd5 {[%clk 1:29:40]} 12. exd5 {[%clk 1:28:38]} f5 {[%clk 1:28:19]}
13. f3 {[%clk 1:27:51]} Bg5 {[%clk 1:27:46]} 14. f4 {[%clk 1:17:21]} Bh6 {[%clk
1:23:27]} 15. Qd2 {[%clk 1:15:00]} Nd7 {[%clk 1:23:09]} 16. fxe5 {[%clk
1:11:17]} Bxe3 {[%clk 1:16:50]} 17. Qxe3 {[%clk 1:11:39]} dxe5 {[%clk 1:16:39]}
18. Rad1 {[%clk 0:55:33]} Rc8 {[%clk 1:14:07]} 19. c4 {[%clk 0:54:16]} g6
{[%clk 1:12:25]} 20. Nc1 {[%clk 0:30:47]} Re8 {[%clk 1:06:10]} 21. b3 {[%clk
0:19:38]} Nf6 {[%clk 1:00:32]} 22. Nd3 {[%clk 0:16:19]} f4 {[%clk 0:56:11]} 23.
Qh3 {[%clk 0:15:22]} Rc7 {[%clk 0:54:32]} 24. Bg4 {[%clk 0:09:32]} Nxg4 {[%clk
0:50:57]} 25. Qxg4 {[%clk 0:09:58]} g5 {[%clk 0:49:11]} 26. Nf2 {[%clk
0:07:49]} e4 {[%clk 0:26:46]} 27. Nh3 {[%clk 0:06:58]} Rg7 {[%clk 0:26:06]} 28.
Rde1 {[%clk 0:06:14]} Bc8 {[%clk 0:25:44]} 29. Qh5 {[%clk 0:05:51]} e3 {[%clk
0:20:15]} 30. g3 {[%clk 0:04:36]} Bf5 {[%clk 0:11:02]} 31. Nxf4 {[%clk
0:04:09]} Be4+ {[%clk 0:06:41]} 32. Ng2 {[%clk 0:04:32]} Rf8 {[%clk 0:02:16]}
33. Rxf8+ {[%clk 0:03:55]} Qxf8 {[%clk 0:02:41]} 34. Rg1 {[%clk 0:01:38]} Rg6
{[%clk 0:01:46]} 35. Qe2 {[%clk 0:01:24]} Qf2 {[%clk 0:01:06]} 36. Qg4 {[%clk
0:00:52]} Bf3 {[%clk 0:00:47]} 37. Qc8+ {[%clk 0:01:03]} Kg7 {[%clk 0:01:07]}
38. Qd7+ {[%clk 0:01:18]} Kh6 {[%clk 0:00:55]} 39. Qh3+ {[%clk 0:01:41]} Kg7
{[%clk 0:01:02]} 40. Qd7+ {[%clk 0:01:59]} Kh6 {[%clk 0:00:35]} 1/2-1/2